Information system management
Contents of material: Introduction. Management information system (MIS). Organisation. Strategic planning. Computer management. Networking. Process evaluation. Systems management.
Sparad:
| Materialtyp: | Bok |
|---|---|
| Språk: | Undetermined |
| Publicerad: |
Satyawati Nagar, Delhi
Kalpaz Publications
2002
|
| Ämnen: | |
| Taggar: |
Lägg till en tagg
Inga taggar, Lägg till första taggen!
|
| Thư viện lưu trữ: | Trung tâm Học liệu Trường Đại học Cần Thơ |
|---|
| LEADER | 00722nam a2200193Ia 4500 | ||
|---|---|---|---|
| 001 | CTU_124857 | ||
| 008 | 210402s9999 xx 000 0 und d | ||
| 020 | |c 56.00 | ||
| 082 | |a 658.4038011 | ||
| 082 | |b I.43 | ||
| 245 | 0 | |a Information system management | |
| 245 | 0 | |c Editor Ankita Bansal | |
| 260 | |a Satyawati Nagar, Delhi | ||
| 260 | |b Kalpaz Publications | ||
| 260 | |c 2002 | ||
| 520 | |a Contents of material: Introduction. Management information system (MIS). Organisation. Strategic planning. Computer management. Networking. Process evaluation. Systems management. | ||
| 650 | |a Management information systems,Information management | ||
| 904 | |i Minh | ||
| 980 | |a Trung tâm Học liệu Trường Đại học Cần Thơ | ||